Communication Philosophy and the technological age

Bibliographic Details
Other Authors: Hyde, Michael J.
Format: Book
Published: Alabama : The University of Alabama Press , 1982
Subjects:

MARC

LEADER 00000cam a2200000 7i4500
001 0000002045
005 20050505.0
020 |a 0817300775 
040 |a INS 
090 0 0 |a P96.T42   |b C6 1982 
245 1 0 |a Communication Philosophy and the technological age   |c edited by Michael J. Hyde 
260 |a Alabama :   |b The University of Alabama Press ,   |c 1982 
300 |a 135p. :   |b ill. ;   |c 22 cm. 
500 |a Bibliography : p 
500 |a Includes index 
650 0 0 |a Communication   |x Philosophy   |x Congresses 
650 0 0 |a Technological innovations   |x Congresses 
700 1 |a Hyde, Michael J. 
999 |a 0000001590   |b BOOK   |c Open Shelf   |e Default branch